000 00579nam a2200181 i 4500
001 89929
003 ES-MaACL
005 20230906180314.0
007 t|
008 050117s1953 sp ||||1| spa d
100 1 _aLayna Serrano, Francisco.
_970767
245 1 3 _aLa arquitectura románica en la provincia de Guadalajara /
_cpor Francisco Layna Serrano.
250 _a1ª ed.
260 _aMadrid :
_bNuevas Gráficas,
_c1953.
300 _a258 p., 4 lám. :
_bil. ;
_c25 cm.
650 4 _aArquitectura románica-
_zGuadalajara.
_9157654
852 _aES-MaACL
_jD-6624
_bR.30129
999 _c89929
_d89929